00857nas a2200277 4500001001300000003000900013005001700022007000300039008003400042040005400076041000900130072001800139100001800157100002100175100002200196100001900218100001600237245010000253650002200353650001800375650002200393650002400415650001700439650001200456773011100468BR2018000048BR-BrBNA20231205131210.0ta230509b bl.|||p| |||| 00| 00por d aBR-BrBNAbporcBiblioteca Nacional de Agricultura a(En) aP33; F04; P351 aLIma, Y.B. de1 aSá, F.V. da S.1 aFerreira Neto, M.1 aPaiva, E.P. de1 aGheyi, H.R.1 aAccumulation of salts in the soil and growth cowpea under salinity and phosphorus fertilization aFEIJÃO DE CORDA aIRRIGAÇÃO aANÁLISE DO SOLO aFERTILIDADE DO SOLO aADUBAÇÃO aFOSFATO0 tRevista Ciência Agronômica (Brazil)xISSN 0045-6888 g(2017), v. 48(5)special p. 765-773wBR2018000048